| 000 | 00352nam a2200109Ia 4500 | ||
|---|---|---|---|
| 008 | 220512s9999 xx 000 0 eng d | ||
| 245 | 0 | _aEvaluation of Market Intervention Scheme in Uttarakhand (Apple 'C' Grade) / | |
| 260 |
_aDelhi : _bUniversity of Delhi, _cSep-13 |
||
| 500 | _aAgricultural Economics Research Centre | ||
| 546 | _aEnglish | ||
| 942 | _cPR | ||
| 999 |
_c36813 _d36813 |
||